ประมวลกฎหมายวิธีพิจารณาความแพ่งและประมวลกฎหมายวิธีพิจารณาความอาญา ฉบับสมบูรณ์ / (ระเบียนเลขที่ 106960)
| 000 -LEADER | |
|---|---|
| fixed length control field | 02442nam a2200253 4500 |
| 003 - CONTROL NUMBER IDENTIFIER | |
| control field | NALT |
| 005 - DATE AND TIME OF LATEST TRANSACTION | |
| control field | 20250704110215.0 |
| 008 - FIXED-LENGTH DATA ELEMENTS--GENERAL INFORMATION | |
| fixed length control field | 250627b th ||||| |||| 00| 0 tha d |
| 040 ## - CATALOGING SOURCE | |
| Original cataloging agency | NALT |
| 090 ## - LOCALLY ASSIGNED LC-TYPE CALL NUMBER (OCLC); LOCAL CALL NUMBER (RLIN) | |
| Classification number (OCLC) (R) ; Classification number, CALL (RLIN) (NR) | KT 32 |
| Local cutter number (OCLC) ; Book number/undivided call number, CALL (RLIN) | ว559ป 2565 |
| 100 0# - MAIN ENTRY--PERSONAL NAME | |
| Personal name | วิเชียร ชุบไธสง. |
| 9 (RLIN) | 66215 |
| 245 10 - TITLE STATEMENT | |
| Title | ประมวลกฎหมายวิธีพิจารณาความแพ่งและประมวลกฎหมายวิธีพิจารณาความอาญา ฉบับสมบูรณ์ / |
| Statement of responsibility, etc. | วิเชียร ชุบไธสง. |
| 250 ## - EDITION STATEMENT | |
| Edition statement | พิมพ์ครั้งที่ 2. |
| 260 ## - PUBLICATION, DISTRIBUTION, ETC. | |
| Place of publication, distribution, etc. | กรุงเทพฯ : |
| Name of publisher, distributor, etc. | ธนาเพรส, |
| Date of publication, distribution, etc. | 2565. |
| 300 ## - PHYSICAL DESCRIPTION | |
| Extent | 695 หน้า ; |
| Dimensions | 21 ซม. |
| 505 2# - FORMATTED CONTENTS NOTE | |
| Formatted contents note | พระราชบัญญัติให้ใช้ประมวลกฎหมายวิธีพิจารณาความแพ่งพุทธศักราช 2477 -- พระราชบัญญัติให้ใช้ประมวลกฎหมายวิธีพิจารณาความแพ่ง (ฉบับที่ 2) พุทธศักราช 2543 -- พระราชบัญญัติให้ใช้ประมวลกฎหมายวิธีพิจารณาความแพ่ง (ฉบับที่ 3) พุทธศักราช 2558 -- ประมวลกฎหมายวิธีพิจารณาความแพ่ง -- ภาค 1 บททั่วไป -- ภาค 2 วิธีพิจารณาในศาลชั้นต้น -- ภาค 3 อุทธรณ์และฎีกา -- ภาค 4 วิธีการชั่วคราวก่อนพิพากษา และการบังคับตามคำพิพากษาหรือคำสั่ง -- ตารางกฎกระทรวง และประกาศกระทรวง -- พระราชบัญญัติการไกล่เกลี่ยข้อพิพาท พ.ศ. 2562. |
| 650 #4 - SUBJECT ADDED ENTRY--TOPICAL TERM | |
| Topical term or geographic name entry element | วิธีพิจารณาความแพ่ง |
| 9 (RLIN) | 756 |
| 650 #4 - SUBJECT ADDED ENTRY--TOPICAL TERM | |
| Topical term or geographic name entry element | วิธีพิจารณาความอาญา |
| 9 (RLIN) | 1089 |
| 942 ## - ADDED ENTRY ELEMENTS (KOHA) | |
| Source of classification or shelving scheme | Local Classification |
| Koha item type | Law Book |
| 996 ## - STAFF PROCESSING RECORDS (NALT) | |
| Staff name | jidapa.t |
| Staff type | ACQSTF |
| Acquisition or Cataloging date | 2025-06-27 |
| 996 ## - STAFF PROCESSING RECORDS (NALT) | |
| Staff name | varee.k |
| Staff type | LIBSTF |
| Acquisition or Cataloging date | 2025-07-01 |
| 996 ## - STAFF PROCESSING RECORDS (NALT) | |
| Staff name | saiphon.d |
| Staff type | CATSTF |
| Acquisition or Cataloging date | 2025-07-04 |
| 998 ## - STAFF NAME (NALT) | |
| -- | 104 |
| -- | นางสาวสายฝน ดีงาม |
| Withdrawn status | Lost status | Source of classification or shelving scheme | Damaged status | Not for loan | Collection code | Home library | Current library | Shelving location | Date acquired | Total Checkouts | Full call number | Barcode | Date last seen | Price effective from | Koha item type |
|---|---|---|---|---|---|---|---|---|---|---|---|---|---|---|---|
| Local Classification | Law Book collection | National Assembly Library of Thailand | National Assembly Library of Thailand | Law Book shelves | 27/06/2025 | KT 32 ว559ป 2565 | 3961215438 | 27/06/2025 | 27/06/2025 | Law Book |
